<?xml version="1.0" encoding="UTF-8"?>
<record
    xmlns:xsi="http://www.w3.org/2001/XMLSchema-instance"
    xsi:schemaLocation="http://www.loc.gov/MARC21/slim http://www.loc.gov/standards/marcxml/schema/MARC21slim.xsd"
    xmlns="http://www.loc.gov/MARC21/slim">

  <leader>01111nam0a22002531  4500</leader>
  <controlfield tag="001">rc\266634</controlfield>
  <controlfield tag="005">20250621001158.0</controlfield>
  <datafield tag="010" ind1=" " ind2=" ">
    <subfield code="a">5-02-014881-4</subfield>
    <subfield code="9">1000</subfield>
  </datafield>
  <datafield tag="035" ind1=" " ind2=" ">
    <subfield code="a">(NLR Aleph) 005471418</subfield>
  </datafield>
  <datafield tag="090" ind1=" " ind2=" ">
    <subfield code="a">5050019</subfield>
    <subfield code="c">5050019</subfield>
  </datafield>
  <datafield tag="100" ind1=" " ind2=" ">
    <subfield code="a">20030307d1994    |||y0rusy50      ca</subfield>
  </datafield>
  <datafield tag="101" ind1="0" ind2=" ">
    <subfield code="a">rus</subfield>
  </datafield>
  <datafield tag="102" ind1=" " ind2=" ">
    <subfield code="a">RU</subfield>
  </datafield>
  <datafield tag="105" ind1=" " ind2=" ">
    <subfield code="a">y   |||||||||</subfield>
  </datafield>
  <datafield tag="200" ind1="1" ind2=" ">
    <subfield code="a">&#x41D;&#x43E;&#x432;&#x433;&#x43E;&#x440;&#x43E;&#x434;&#x441;&#x43A;&#x43E;&#x435; &#x437;&#x435;&#x43C;&#x43B;&#x435;&#x432;&#x43B;&#x430;&#x434;&#x435;&#x43D;&#x438;&#x435; XV &#x432;&#x435;&#x43A;&#x430;</subfield>
    <subfield code="f">&#x410;.&#x41D;. &#x41A;&#x43E;&#x43B;&#x43C;&#x43E;&#x433;&#x43E;&#x440;&#x43E;&#x432;</subfield>
  </datafield>
  <datafield tag="210" ind1=" " ind2=" ">
    <subfield code="a">&#x41C;.</subfield>
    <subfield code="c">&#x41D;&#x430;&#x443;&#x43A;&#x430;. &#x418;&#x437;&#x434;. &#x444;&#x438;&#x440;&#x43C;&#x430; "&#x424;&#x438;&#x437;.-&#x43C;&#x430;&#x442;. &#x43B;&#x438;&#x442;."</subfield>
    <subfield code="d">1994</subfield>
  </datafield>
  <datafield tag="215" ind1=" " ind2=" ">
    <subfield code="a">125, [2] &#x441;.</subfield>
    <subfield code="d">20</subfield>
  </datafield>
  <datafield tag="423" ind1=" " ind2="0">
    <subfield code="1">2001#$a&#x41A;&#x43E;&#x43C;&#x43C;&#x435;&#x43D;&#x442;&#x430;&#x440;&#x438;&#x439; &#x43A; &#x43F;&#x438;&#x441;&#x446;&#x43E;&#x432;&#x44B;&#x43C; &#x43A;&#x43D;&#x438;&#x433;&#x430;&#x43C; &#x428;&#x435;&#x43B;&#x43E;&#x43D;&#x441;&#x43A;&#x43E;&#x439; &#x43F;&#x44F;&#x442;&#x438;&#x43D;&#x44B;$f&#x41B;.&#x410;. &#x411;&#x430;&#x441;&#x441;&#x430;&#x43B;&#x44B;&#x433;&#x43E;$g[&#x41A; &#x441;&#x431;. &#x432; &#x446;&#x435;&#x43B;&#x43E;&#x43C;]: &#x41F;&#x440;&#x435;&#x434;&#x438;&#x441;&#x43B;. &#x412;.&#x41B;. &#x42F;&#x43D;&#x438;&#x43D;&#x430;</subfield>
    <subfield code="1">700#1$a&#x411;&#x430;&#x441;&#x441;&#x430;&#x43B;&#x44B;&#x433;&#x43E;$b&#x41B;.&#x410;.</subfield>
    <subfield code="t">&#x41A;&#x43E;&#x43C;&#x43C;&#x435;&#x43D;&#x442;&#x430;&#x440;&#x438;&#x439; &#x43A; &#x43F;&#x438;&#x441;&#x446;&#x43E;&#x432;&#x44B;&#x43C; &#x43A;&#x43D;&#x438;&#x433;&#x430;&#x43C; &#x428;&#x435;&#x43B;&#x43E;&#x43D;&#x441;&#x43A;&#x43E;&#x439; &#x43F;&#x44F;&#x442;&#x438;&#x43D;&#x44B;</subfield>
    <subfield code="a">&#x411;&#x430;&#x441;&#x441;&#x430;&#x43B;&#x44B;&#x433;&#x43E;, &#x41B;.&#x410;.</subfield>
  </datafield>
  <datafield tag="700" ind1=" " ind2="1">
    <subfield code="a">&#x41A;&#x43E;&#x43B;&#x43C;&#x43E;&#x433;&#x43E;&#x440;&#x43E;&#x432;</subfield>
    <subfield code="b">&#x410;.&#x41D;.</subfield>
    <subfield code="f">1903-1987</subfield>
    <subfield code="g">&#x410;&#x43D;&#x434;&#x440;&#x435;&#x439; &#x41D;&#x438;&#x43A;&#x43E;&#x43B;&#x430;&#x435;&#x432;&#x438;&#x447;</subfield>
  </datafield>
  <datafield tag="801" ind1=" " ind2="0">
    <subfield code="a">RU</subfield>
    <subfield code="b">NLR</subfield>
    <subfield code="g">psbo</subfield>
  </datafield>
  <datafield tag="801" ind1=" " ind2="1">
    <subfield code="a">RU</subfield>
    <subfield code="b">ELAR</subfield>
    <subfield code="2">rusmarc</subfield>
  </datafield>
  <datafield tag="852" ind1=" " ind2=" ">
    <subfield code="a">NLR</subfield>
    <subfield code="j">94-3/600</subfield>
  </datafield>
  <datafield tag="942" ind1=" " ind2=" ">
    <subfield code="c">BOOK</subfield>
  </datafield>
  <datafield tag="980" ind1=" " ind2=" ">
    <subfield code="a">NB</subfield>
  </datafield>
  <datafield tag="995" ind1=" " ind2=" ">
    <subfield code="5">2013-10-26</subfield>
    <subfield code="b">NLR01</subfield>
    <subfield code="c">NLR01</subfield>
    <subfield code="e">RF8</subfield>
    <subfield code="f">1-269095</subfield>
    <subfield code="k">94-3/600</subfield>
    <subfield code="o">0</subfield>
    <subfield code="r">BOOK</subfield>
    <subfield code="s">943600_</subfield>
  </datafield>
  <datafield tag="995" ind1=" " ind2=" ">
    <subfield code="5">2014-03-28</subfield>
    <subfield code="b">NLR01</subfield>
    <subfield code="c">NLR01</subfield>
    <subfield code="e">OZ1</subfield>
    <subfield code="f">1-424914</subfield>
    <subfield code="k">&#x421;1 &#x422;3(2)43/&#x41A;-608</subfield>
    <subfield code="o">0</subfield>
    <subfield code="p">1200.00</subfield>
    <subfield code="r">BOOK</subfield>
    <subfield code="s">1_3243608</subfield>
  </datafield>
</record>
